Freight transportation in America : options for improving the nation's network : hearing before the Subcommittee on Surface Transportation and Merchant Marine Infrastructure, Safety, and Security of the Committee on Commerce, Science, and Transportation, United States Senate, One Hundred Eleventh Congress, first session, June 18, 2009.

Bibliographic Details
Corporate Author: United States. Congress. Senate. Committee on Commerce, Science, and Transportation. Subcommittee on Surface Transportation and Merchant Marine Infrastructure, Safety, and Security
Format: Government Document eBook
Language:English
Published: Washington : U.S. G.P.O., 2010.
Series:S. hrg. ; 111-345
Subjects:
Online Access:Electronic resource (PDF)

MARC

Tag First Indicator Second Indicator Subfields
LEADER 00000cam a22000001a 4500
001 in00004100425
005 20200117091346.0
006 m d f
007 cr bn mmmapmmp
008 100511s2010 dcua o f000 0 eng d
035 |a chdc201001134 
040 |a UMI  |c UMI  |d UtOrBLW 
042 |a pcc 
043 |a n-us--- 
074 |a 1041-A 
086 0 |a Y 4.C 73/7:S.HRG.111-345 
110 1 |a United States.  |b Congress.  |b Senate.  |b Committee on Commerce, Science, and Transportation.  |b Subcommittee on Surface Transportation and Merchant Marine Infrastructure, Safety, and Security.  |0 http://id.loc.gov/authorities/names/no2007085899 
245 1 0 |a Freight transportation in America :  |b options for improving the nation's network : hearing before the Subcommittee on Surface Transportation and Merchant Marine Infrastructure, Safety, and Security of the Committee on Commerce, Science, and Transportation, United States Senate, One Hundred Eleventh Congress, first session, June 18, 2009. 
264 1 |a Washington :  |b U.S. G.P.O.,  |c 2010. 
264 2 |a Washington :  |b For sale by the Supt. of Docs., U.S. G.P.O. 
300 |a iii, 54 pages :  |b illustrations, digital, PDF file. 
336 |a text  |b txt  |2 rdacontent 
337 |a computer  |b c  |2 rdamedia 
338 |a online resource  |b cr  |2 rdacarrier 
490 1 |a S. hrg. ;  |v 111-345 
500 |a Shipping list number: 2010-0217-P. 
500 |a Record is based on bibliographic data in ProQuest Congressional Hearings Digital Collection. Reuse except for individual research requires license from ProQuest, LLC. 
500 |a Electronic resource. 
533 |a Electronic reproduction.  |b [Bethesda, Md.] :  |c ProQuest,  |d 2010.  |e digital, PDF file.  |n ProQuest U.S. Congressional Hearings Digital Collection.  |n Mode of access: World Wide Web via ProQuest website. 
538 |a System requirements: PDF reader software. 
650 0 |a Freight and freightage  |z United States  |x Management. 
650 0 |a Infrastructure (Economics)  |z United States.  |0 http://id.loc.gov/authorities/subjects/sh2008104651 
650 0 |a Shipment of goods  |x Environmental aspects  |z United States. 
650 0 |a Transportation  |z United States  |x Planning.  |0 http://id.loc.gov/authorities/subjects/sh2008112971 
650 0 |a Sustainable development  |z United States  |x Planning. 
776 0 8 |i Print version:   |a United States. Congress. Senate. Committee on Commerce, Science, and Transportation. Subcommittee on Surface Transportation and Merchant Marine Infrastructure, Safety, and Security.  |t Freight transportation in America  |w 9780160856457  |w 0160856450  |w (OCoLC)613364996 
776 0 8 |i Microfiche version:   |a United States. Congress. Senate. Committee on Commerce, Science, and Transportation. Subcommittee on Surface Transportation and Merchant Marine Infrastructure, Safety, and Security.  |t Freight transportation in America  |d [Bethesda, Md.] : ProQuest,[2010]  |o CIS 2010 S261-5  |w (ProQuest)cis01002838  
810 1 |a United States.  |b Congress.  |b Senate.  |t S. hrg. ;  |v 111-345.  |0 http://id.loc.gov/authorities/names/n83707917 
856 4 0 |u http://proxy.library.tamu.edu/login?url=http://search.proquest.com/congcomp/getdoc?HEARING-ID=HRG-2009-CST-0013  |y Electronic resource (PDF)  |t 0 
998 |a cis01002838  
999 f f |s 70e433d7-40c9-3879-9bf1-1aab398604b4  |i 9e15f836-5d8b-34ae-aa9a-6ad18c2f6fde  |t 0 
952 f f |a Texas A&M University  |b College Station  |c Electronic Resources  |d Available Online  |t 0  |e Y 4.C 73/7:S.HRG.111-345  |h Superintendent of Documents classification 
998 f f |a Y 4.C 73/7:S.HRG.111-345  |t 0  |l Available Online